Name their Alma Mater Quiz Stats

Quiz not verified by Sporcle

Challenge
Share
Tweet
Embed
Score 0/21 Timer 10:00
0 Plays Today
person college % Correct
Tiger WoodsStanford
89.2%
Rivers CuomoHarvard
86.9%
Jodie FosterYale
84.6%
Will FerrellUSC
81.5%
Matthew McConaugheyUniversity of Texas at Austin
72.3%
Jim MorrisonUCLA
66.2%
Rick Rubin NYU
51.5%
Bill ClintonGeorgetown
51.5%
Art GarfunkelColumbia
46.9%
Michael StipeUniversity of Georgia at Athens
45.4%
MadonnaUniversity of Michigan
45.4%
person college % Correct
Donald TrumpPennsylvania
43.8%
Nick DrakeCambridge
25.4%
Amy PoehlerBoston College
20.8%
Ted LeoNotre Dame
19.2%
Martin Luther King Jr.Boston University
19.2%
Mick JaggerLSE
13.8%
Oprah WinfreyHoward
11.5%
Trey AnastasioUniversity of Vermont
10%
Elliott SmithHampshire College
3.1%
Christopher WalkenHofstra
1.5%

You're not logged in!

Compare scores with friends on all Sporcle quizzes.
Sign Up with Email
OR
Log In

You Might Also Like...

Show Comments

Extras

Top Quizzes Today


Score Distribution

Your Account Isn't Verified!

In order to create a playlist on Sporcle, you need to verify the email address you used during registration. Go to your Sporcle Settings to finish the process.

Report this User

Report this user for behavior that violates our Community Guidelines.

Details: